000 00665nam a2200229 i 4500
001 86086
003 ES-MaACL
005 20230906175353.0
007 t|
008 041207s1965 sp ||||1| spa d
100 1 _aKéréver, André.
_967897
245 1 3 _aLa inflación hoy /
_cAndré Kéréver ; versión castellana de M.D. Biosca y A. Jutglar.
250 _a[1ª ed.].
260 _aBarcelona :
_bNova Terra,
_c[1965]
300 _a252 p. ;
_c17 cm.
490 1 _aSíntesis ;
_v4
700 1 _aBiosca, M. D.
_928946
700 1 _aJutglar, A.
_967367
830 0 _aSíntesis ;
_v4
_9182978
852 _aES-MaACL
_jC-28345
_bR.57277
999 _c86086
_d86086